Normal view
MARC view
- Lanuza Hurtado, Empar de,
Entry Nombre Personal
001 - NUMERO DE CONTROL
- campo de control: 39544
003 - IDENTIFICADOR DE NUMERO DE CONTROL
- campo de control: UPN
005 - FECHA Y HORA DE LA ÜLTIMA TRANSACCIÓN
- campo de control: 20210219194547.0
008 - DATOS DE LONGITUD FIJA
- campo de control de longitud fija: nabaccnnaabn|||||||||| b |nc|||||d
035 ## - NUMERO DE CONTROL
- Número de control: UPN11000011651
040 ## - FUENTE DE CATALOGACIÓN
- Lenguaje de catalogación: SPA
- Agencia de transcripción: UPN
100 1# - ENCABEZAMIENTO - NOMBRE PERSONAL
- Nombre personal: Lanuza Hurtado, Empar de,
- Fechas asociadas con el nombre: 1950-
400 1# - VEÁSE - NOMBRE DE PERSONA
- Personal name: Lanuza, Empar de
680 ## - NOTA PUBLICA DE ACCESO PÚBLICO
- Frase explicativa de la referencia: Escritora española nacida en Valencia, España. Licenciada en Filosofía y Letras en la Universidad de Valencia, en las modalidades de Pedagogía Especial y Orientación Escolar y Profesional (Sección de Pedagogía). Ha publicado diversas obras de literatura infantil en catalán y castellano.
902 ## - CATALOGADOR
- Catalogador: MITM/051216
